Law and The Senses: (Record no. 613660)

000 -LEADER
fixed length control field 00306nam a22001097a 4500
020 ## - INTERNATIONAL STANDARD BOOK NUMBER
International Standard Book Number 0745310680
082 ## - DEWEY DECIMAL CLASSIFICATION NUMBER
Classification number 340.1
Author Mark LAW
245 ## - TITLE STATEMENT
Title Law and The Senses:
Remainder of title sensational jurisprudence /
Statement of responsibility, etc. Edited by Lionel Bently and Leo Flynn
260 ## - PUBLICATION, DISTRIBUTION, ETC.
Place of publication, distribution, etc. London :
Name of publisher, distributor, etc. Pluto Press,
Date of publication, distribution, etc. 1996.
563 ## - BINDING INFORMATION
Binding note HB.
942 ## - ADDED ENTRY ELEMENTS (KOHA)
Source of classification or shelving scheme
Koha item type Book
Holdings
Withdrawn status Lost status Source of classification or shelving scheme Damaged status Not for loan Permanent Location Current Location Date acquired Source of acquisition Total Checkouts Full call number Barcode Date last seen Date last checked out Price effective from Koha item type
          NUST Law School (NLS) NUST Law School (NLS) 05/05/2025 Donated by Vanguard Books Pvt Limited 1 340.1 LAW NLSD-11 01/26/2026 11/06/2025 05/05/2025 Book
© 2023 Central Library, National University of Sciences and Technology. All Rights Reserved.